Music Quiz

Random Music or Clickable Quiz
Score 0/50 Timer 09:00
14 Plays Today
% Correct
Britney Spears
89.2%
Lady Gaga
88.8%
Shakira
85.5%
Avril Lavigne
85.3%
Justin Timberlake
84.1%
Eminem
83.7%
Coldplay
83.2%
The Black Eyed Peas
82.7%
OutKast
82.2%
Green Day
81.9%
Gwen Stefani
81.8%
Kelly Clarkson
81.5%
P!nk
77.4%
Kanye West
76.6%
Maroon 5
76.4%
Rihanna
75%
The Pussycat Dolls
74.6%
Fergie
74.4%
Beyoncé
74.1%
Nickelback
73.5%
Nelly Furtado
73.4%
Christina Aguilera
73.3%
Taylor Swift
72.7%
Evanescence
72.3%
U2
71.6%
% Correct
The Fray
69.6%
Alicia Keys
69.1%
Linkin Park
68.6%
Jay-Z
67.3%
John Mayer
65.7%
Missy Elliott
65.3%
Fall Out Boy
64.7%
Natasha Bedingfield
62.1%
The All-American Rejects
61.4%
Destiny's Child
59.7%
3 Doors Down
59.3%
Madonna
56.2%
Jennifer Lopez
54.9%
Nelly
50.9%
Usher
47.1%
Mariah Carey
46.6%
Lifehouse
45.7%
Chris Brown
44.3%
T.I.
43.2%
Mary J. Blige
42.3%
Matchbox Twenty
40.9%
No Doubt
39.1%
Ne-Yo
36.5%
Ludacris
35.9%
Rob Thomas
31.8%
Remove Ads.
Support Sporcle.
Get the best of Sporcle when you Go Orange. This ad-free experience offers more features, more stats, and more fun while also helping to support Sporcle. Thank you for becoming a member.

You're not logged in!

Compare scores with friends on all Sporcle quizzes.
OR
Log In

Show Comments

Extras

Top Quizzes Today


Score Distribution

Your Account Isn't Verified!

In order to create a playlist on Sporcle, you need to verify the email address you used during registration. Go to your Sporcle Settings to finish the process.

Report this User

Report this user for behavior that violates our Community Guidelines.

Details: